|
|
|
|
| LEADER |
02913nam a2200673 a 4500 |
| 001 |
nkc20122372860 |
| 003 |
CZ PrNK |
| 005 |
20120710083316.0 |
| 007 |
ta |
| 008 |
120619s2012 xr ab f 000 0 cze |
| 015 |
|
|
|a cnb002372860
|
| 020 |
|
|
|a 978-80-210-5805-7
|q (váz.)
|
| 035 |
|
|
|a (OCoLC)806199897
|
| 040 |
|
|
|a ABA001
|b cze
|d OLA001
|
| 041 |
0 |
|
|a cze
|a slo
|b eng
|
| 043 |
|
|
|a e-xr---
|a e-xo---
|
| 072 |
|
7 |
|a 35
|x Veřejná správa
|2 Konspekt
|9 15
|
| 080 |
|
|
|a 35:32
|2 MRF
|
| 080 |
|
|
|a 35
|2 MRF
|
| 080 |
|
|
|a 332.055.2
|2 MRF
|
| 080 |
|
|
|a 336
|2 MRF
|
| 080 |
|
|
|a (437.3)
|2 MRF
|
| 080 |
|
|
|a (437.6)
|2 MRF
|
| 080 |
|
|
|a (048.8:082)
|2 MRF
|
| 100 |
1 |
|
|a Malý, Ivan,
|d 1964-
|7 jo2001100282
|4 aut
|
| 245 |
1 |
0 |
|a Dopady vybraných veřejných politik na regionální rozvoj v České a Slovenské republice :
|b vědecký sborník /
|c Ivan Malý - vedoucí řešitelského kolektivu za ESF MU, Viera Cibáková - vedoucí řešitelského kolektivu za VŠEMVS
|
| 250 |
|
|
|a 1. vyd.
|
| 260 |
|
|
|a Brno :
|b Masarykova univerzita,
|c 2012
|
| 300 |
|
|
|a 251 s. :
|b barev. il., mapy ;
|c 22 cm
|
| 500 |
|
|
|a Nad názvem: Ekonomicko-správní fakulta Masarykovy univerzity, Vysoká škola ekonómie a manažmentu verejnej správy v Bratislave
|
| 504 |
|
|
|a Obsahuje bibliografie a bibliografické odkazy
|
| 546 |
|
|
|a Část. slovenský text, anglická resumé
|
| 650 |
0 |
7 |
|a veřejná politika
|7 ph127073
|z Česko
|2 czenas
|
| 650 |
0 |
7 |
|a veřejná politika
|7 ph127073
|z Slovensko
|2 czenas
|
| 650 |
0 |
7 |
|a veřejná správa
|7 ph127076
|z Česko
|2 czenas
|
| 650 |
0 |
7 |
|a veřejná správa
|7 ph127076
|z Slovensko
|2 czenas
|
| 650 |
0 |
7 |
|a regionální rozvoj
|7 ph125083
|z Česko
|2 czenas
|
| 650 |
0 |
7 |
|a regionální rozvoj
|7 ph125083
|z Slovensko
|2 czenas
|
| 650 |
0 |
7 |
|a finance
|7 ph114548
|z Česko
|2 czenas
|
| 650 |
0 |
7 |
|a finance
|7 ph114548
|z Slovensko
|2 czenas
|
| 650 |
0 |
9 |
|a public policy
|z Czechia
|2 eczenas
|
| 650 |
0 |
9 |
|a public policy
|z Slovakia
|2 eczenas
|
| 650 |
0 |
9 |
|a public administration
|z Czechia
|2 eczenas
|
| 650 |
0 |
9 |
|a public administration
|z Slovakia
|2 eczenas
|
| 650 |
0 |
9 |
|a regional development
|z Czechia
|2 eczenas
|
| 650 |
0 |
9 |
|a regional development
|z Slovakia
|2 eczenas
|
| 650 |
0 |
9 |
|a finance
|z Czechia
|2 eczenas
|
| 650 |
0 |
9 |
|a finance
|z Slovakia
|2 eczenas
|
| 655 |
|
7 |
|a kolektivní monografie
|7 fd501537
|2 czenas
|
| 655 |
|
9 |
|a collective monographs
|2 eczenas
|
| 700 |
1 |
|
|a Cibáková, Viera,
|d 1943-
|7 mzk2004225097
|4 aut
|
| 710 |
2 |
|
|a Masarykova univerzita.
|b Ekonomicko-správní fakulta
|7 kn20010709273
|
| 710 |
2 |
|
|a Vysoká škola ekonómie a manažmentu verejnej správy v Bratislave
|7 mzk2009508106
|
| 910 |
2 |
|
|a BOA001
|b 2-1288.147
|
| 990 |
|
|
|a BK
|
| 995 |
|
|
|a 01
|
| 991 |
|
|
|b 201206
|c NOV
|j 35 MAL
|e n
|
| 996 |
6 |
|
|b 2610514435
|c 2-1288.147
|l MZK
|r Sklad / do 1 hodiny
|n 1
|p p.v.
|w 001258147
|u 000010
|a 1
|e BOA001
|j MZK50
|s P
|
| 996 |
7 |
|
|b 2610514436
|c 2-1288.147
|l MZK
|r Sklad / do 1 hodiny
|n 6
|p p.v.
|w 001258147
|u 000020
|a 1
|e BOA001
|j MZK50
|s A
|